004290000a2200085000450024501540000004100140015470000290016810000320019777301140022910aEcología trófica de Trichomycterus bogotense, Eigenmann (<1912>), en la vereda La Concepción, municipio de Guasca, departamento de Cundinamarca0 aEspañol1 aForero U., Jorge Eduardo1 aLozada G., María Mercedes1 tRevista de la Academia Colombiana de Ciencias Exactas, Fisicas y Naturales332hSupl. Esp.q539-546d1999g23